00639nam a2200157 i 4500001000700000003000900007005001700016008004100033040002000074100002400094245012400118260006800242300002100310710005000331852010000381158432ES-MaACL20230906211139.0040831s1888 sp |||| | spa d aCAM bspa cCAM1 aMadariaga, Juan de.13aLa libertad de los mares b: discurso pronunciado en el Centro del Ejército y de la Armada / cpor Juan de Madariaga. aMadrid : b[s.n.], c1888 (fImprenta de Diego Pacheco Latorre) a35 p. ; c19 cm.2 aCentro del Ejército y de la Armada (Madrid) aES-MaACLjT-475-F-12 z-- Enc. hol. q-- Falto de la cub. originalz-- Enc. en un vol. facticio